Educación y diversidad: bases didácticas y organizativas

Gespeichert in:
Bibliographische Detailangaben
1. Verfasser: Torres González, José Antonio (VerfasserIn)
Format: Buch
Sprache:Spanisch
Veröffentlicht: Málaga Aljibe 1999
Schriftenreihe:Colección Educación Especial
Schlagworte:
Tags: Tag hinzufügen
Keine Tags, Fügen Sie den ersten Tag hinzu!

MARC

LEADER 00000nam a2200000 a 4500
001 UCO9356
003 CL-VaPUC
008 010302e19990000SP |||||||||||||||||spa|d
082 0 4 |a 371.9  |b TOR  |2 21 
100 |a Torres González, José Antonio  |e author  |9 619053 
245 1 0 |a Educación y diversidad: bases didácticas y organizativas 
300 |a 284 p 
942 |c BK 
945 |d 20010302 00:00:00  |a vberengu 
260 |a Málaga  |b Aljibe  |c 1999 
650 0 |a Desarrollo curricular  |9 365285 
650 0 |a Educación especial  |9 307486 
650 7 |a PROFESORES DE EDUCACION ESPECIAL  |2 CL-VaPUC  |9 340797 
583 |a last modification  |c 20010302 00:00:00  |k Rodrigo Vera 
490 0 |a Colección Educación Especial 
999 |c 293572  |d 293570 
952 |0 0  |1 0  |4 0  |6 371_900000000000000_TOR_1999  |7 0  |8 A  |9 345191  |a BIBEDU  |b BIBEDU  |c ES_NOD  |d 2019-11-20  |i 3661962  |o 371.9 TOR 1999  |p 3661962  |r 2023-08-09  |w 2019-11-20  |y BK  |k BME